000 00652nam a22002057a 4500
003 OSt
005 20160109084422.0
008 130702t xxu||||| |||| 00| 0 eng d
020 _a9780746041468
050 _aHF 5548
_b.P294 2000
082 _aCS 005.369E
_bP27 2000
100 _aPunter, Rusell
245 _aAn introduction to spreadsheets: using microsoft excel 2000 of microsoft office 2000
_cFiona Patchett.
260 _aEngland :
_bUsborne Publishing Ltd,
_c2000.
300 _a64 p. :
_bill. col. ;
_c25 cm. :
520 _a1. Microsoft Office. 2. Business - - Computer programs.
562 _e1
942 _2lcc
_cBK
999 _c3551
_d3551